000 00541nam a2200205Ia 4500
003 OSt
005 20230615145713.0
008 210423s2011 xx 000 0 und d
040 _cAL
041 _aeng
082 _a307.76
_223
_bGOEU
100 _aGOEL (S L)
_9120636
245 _aUrban local self government
260 _aNew Delhi
_bDeep and deep publication
_c2011
365 _b580
_cINR
650 _aSociology
_9120637
650 _aUrban Communities
_9120638
906 _agovernment ; local ; self ; Urban
942 _2ddc
_cBK
999 _c175960
_d175960